Top 15 der betroffenen Covid-19-Länder - 8. November - Statistiken

Allgemein
  • Dieses Quiz wurde 41 mal gespielt
  • Das Durchschnittsergebnis liegt bei 14 aus 24
Antwortstatistiken
Land % Korrekt
Vereinigte Staaten
100%
Deutschland
97%
Brasilien
95%
Frankreich
95%
Italien
92%
Indien
89%
Russland
87%
Spanien
87%
Vereinigtes Königreich
76%
Mexiko
71%
Argentinien
66%
Peru
66%
Kolumbien
61%
Chile
53%
Belgien
47%
Iran
39%
Südafrika
39%
Tschechien
29%
Bahrain
16%
Katar
16%
Kuwait
13%
Panama
8%
Armenien
5%
Israel
5%
Keine übereinstimmenden Quizze gefunden
Verteilung der Resultate
Anzahl Personen mit jedem Resultat
Perzentil nach korrekt beantworteten Fragen
Ihre Resultats-Entwicklung
Sie haben dieses Quiz noch nicht gespielt